00709nam a2200205 4500003001100000005001700011008004100028020001500069040003900084041000800123082001700131100002700148245008300175260005100258300005400309650003800363650004800401650002800449650002600477LK-CoMWRAF20231107231004.0230831b2006 |||||||| |||| 00| 0 eng d a955910294X aLK-CoMWRAFdLK-CoMWRAFeLK-CoMWRAF aeng a306.85 bRUW aRuwanpura, Kanchana N. aMatrilineal communities, patriarchal realities:ba feminist Nirvana uncovered  aColombo:bSocial Scientists Association,c2006 axiv, 242 p. : map ; 23 cm.bBibliography included aWOMEN-Social conditions-Sri Lanka aWomen -- Sri Lanka -- Economic conditions  aPatriarchy -- Sri Lanka aFeminism -- Sri Lanka